000 00340nam a22001337a 4500
020 _a9781845931728
082 _a551.49 GIO/AG
100 _aGiordano M
100 _aVillholth K G
245 _aThe Agricultural Groundwater Revolution: Opportunities and Threats to Development
260 _aUK
_bCABI
_c2007
300 _a419
942 _cBK
999 _c13869
_d13869